Statistics for Modern-Day Countries of the Turkic Khaganate with a Map

Click here to take the quiz!

General Stats

  • This quiz has been taken 3,082 times
  • The average score is 12 of 12

Answers on the Map

Answers color-coded by a green-red scale on the quiz's map according to % correct below.
 

Answer Stats

Countries% Correct
Russia
100%
China
99%
Kazakhstan
99%
Mongolia
99%
Uzbekistan
99%
Turkmenistan
98%
Ukraine
98%
Afghanistan
97%
Azerbaijan
97%
Iran
97%
Kyrgyzstan
97%
Tajikistan
97%

Score Distribution

Percentile by Number Answered

Percent of People with Each Score

Your Score History

You have not taken this quiz